000
00312nam a22001217a 4500
020
_a
9789382007500
082
_a
630.44
_b
BEH/SO
100
_a
Behera R.K.
_9
1126
245
_a
Soil and Solid Waste Analysis
260
_a
New Delhi
_b
Dominant Publishers & Distributors Pvt. Ltd
_c
2014
300
_a
125
942
_c
BK
999
_c
14646
_d
14646